|
|
|
|
| LEADER |
00000nam0a2200000 4500 |
| 001 |
321098 |
| 005 |
20231102003336.0 |
| 010 |
|
|
|a 5080008261
|
| 035 |
|
|
|a (RuTPU)RU\TPU\book\346644
|
| 090 |
|
|
|a 321098
|
| 100 |
|
|
|a 20160816d1989 d y0rusy50 ca
|
| 101 |
0 |
|
|a rus
|
| 102 |
|
|
|a RU
|
| 105 |
|
|
|a a z 000ay
|
| 200 |
1 |
|
|a Девять возвращений
|e повести и рассказы
|f М. П. Коршунов
|g худож. А. Левицкий
|
| 210 |
|
|
|a Москва
|c Детская литература
|d 1989
|
| 215 |
|
|
|a 350 с.
|c ил.
|
| 225 |
1 |
|
|a Библиотечная серия
|
| 464 |
|
|
|t Дом в Черемушках; В зимнем городе; Младшая; Красные каштаны; Двое в дороге; Мы приехали лентяйничать; Требуется дворник; Синяя песня; Две секунды света; Девять возвращений; Воскресный день
|o повести и рассказы
|
| 606 |
1 |
|
|a Русская литература современная
|2 stltpush
|3 (RuTPU)RU\TPU\subj\26373
|9 50316
|
| 610 |
1 |
|
|a художественная литература
|
| 610 |
1 |
|
|a советская литература
|
| 610 |
1 |
|
|a детская литература
|
| 610 |
1 |
|
|a повести
|
| 610 |
1 |
|
|a рассказы
|
| 610 |
1 |
|
|a дружба
|
| 675 |
|
|
|a Р2
|v 4
|
| 700 |
|
1 |
|a Коршунов
|b М. П.
|g Михаил Павлович
|
| 702 |
|
1 |
|a Левицкий
|b А.
|4 040
|
| 801 |
|
1 |
|a RU
|b 63413507
|c 20160816
|
| 801 |
|
2 |
|a RU
|b 63413507
|c 20210111
|g RCR
|
| 942 |
|
|
|c BK
|